000 01347nam0a22002651 4500
001 rc\4463364
005 20260407141415.0
021 _aRU
_bП4848-60
035 _a(NLR Aleph) 008326553
090 _a8790190
_c8790190
100 _a20130416d1960 |||y0rusy50 ca
101 0 _arus
102 _aRU
105 _ay z |||||
200 1 _aТезисы докладов на Научно-техническом совещании по определению газоносности угольных пластов и прогнозу газообильности шахт
210 _aМосква
_cБ. и.
_d1960
215 _a59 с.
_d21
225 1 _aАкадемия наук СССР. Институт горного дела. Центральная комиссия по борьбе с внезапными выбросами угля и газа. [Информационный сборник
_v№ 16]
300 _aЛитогр.
710 1 2 _aВсесоюзное научно-техническое совещание по определению газоносности угольных пластов и прогнозу газообильности шахт
_f1960
_eМосква
_3RU\NLR\AUTH\8810084299
_9670639
801 0 _aRU
_bNLR
_gpsbo
801 1 _aRU
_bELAR
_2rusmarc
852 _aNLR
_jП11/2060
942 _cBOOK
980 _aNB